| 000 | 00595cab a2200193 4500 | ||
|---|---|---|---|
| 001 | X1338 | ||
| 008 | 090401t1994 xxu||||| |||| 00| 0 eng d | ||
| 035 | _a(Sirsi) u16304 | ||
| 041 | _aeng | ||
| 245 | _aNew institute for commercial litigators floows change in the law ending solicitors` monopoly | ||
| 260 | _c1994 | ||
| 350 | _a0 | ||
| 490 |
_aCSM (Chartered Surveyor Monthly) _v3(6) March 1994, 12(1) |
||
| 650 | _aINSTITUTE OF COMMERCIAL LITIGATORS | ||
| 650 | _aJAMES R KNOWLES | ||
| 690 | _aMANAGEMENT-BUSINESS MANAGEMENT-PROFESSIONAL PRACTICE | ||
| 942 | _n0 | ||
| 948 | _c04/03/1997 | ||
| 999 |
_c10718 _d10718 |
||